000 00550nam a2200241 a 4500
001 nice12345678
003 IN_TiNIC
005 20260116011401.0
008 050524s1919 alla grp 000 0 urd
020 _a
_c100
082 0 0 _a239
_bSEL
100 _aSell, Canon
245 _aAl-Qur`an.
260 _aAllahabad
_bMatbua Mission Press
_c1919
300 _a48p
500 _aincludes index and biblioraphy
505 2 _areference
650 _aApologetics
700 1 _aSell, Canon
902 _bSRS
942 _cBK
999 _c1053
_d1053